[Event "MCRE_SF02"]
[Site "?"]
[Date "2005.??.??"]
[Round "?"]
[White "Bednarik, Radovan"]
[Black "Novak, Vratislav"]
[Result "0-1"]
[WhiteElo "2201"]
[BlackElo "2267"]
[PlyCount "102"]
[EventDate "2005.??.??"]
[EventType "corr"]
[EventRounds "2"]
[SourceDate "2005.10.20"]

1. d4 d5 2. c4 e6 3. Nf3 c6 4. e3 Nf6 5. Nc3 Nbd7 6. Bd3 dxc4 7. Bxc4 b5 8. Bd3
Bb7 9. e4 b4 10. Na4 c5 11. e5 Nd5 12. dxc5 Rc8 13. O-O Qa5 14. a3 b3 15. Qxb3
Bc6 16. Bc2 Rb8 17. Bd2 Qa6 18. Bb4 Bb5 19. Nc3 Nxc3 20. Qxc3 Bxf1 21. Rxf1 Rc8
22. Qd2 Bxc5 23. Rd1 Qb5 24. Bc3 h6 25. b4 Bb6 26. Bb2 Qc6 27. Bb1 O-O 28. Qd3
g6 29. Qe2 Rfd8 30. Bd3 Nf8 31. h3 Qa4 32. Rc1 Rxc1+ 33. Bxc1 g5 34. Bc2 Qc6
35. b5 Qc5 36. Bb2 Ng6 37. g3 Ne7 38. Kg2 Kg7 39. Be4 Nd5 40. Bc2 Nc3 41. Bxc3
Qxc3 42. a4 Rc8 43. Bd3 Kf8 44. Bh7 Rc4 45. a5 Bxa5 46. Ne1 Kg7 47. Bd3 Rd4 48.
Qf3 Bd8 49. Qe2 Bb6 50. h4 gxh4 51. gxh4 Kf8 0-1

[Event "MCRE_SF02"]
[Site "?"]
[Date "2005.??.??"]
[Round "?"]
[White "Struzka, Vlastimil"]
[Black "Bednarik, Radovan"]
[Result "1-0"]
[WhiteElo "2216"]
[BlackElo "2201"]
[PlyCount "86"]
[EventDate "2005.??.??"]
[EventType "corr"]
[EventRounds "2"]
[SourceDate "2005.10.20"]

1. d4 d5 2. c4 Nc6 3. Nc3 dxc4 4. Nf3 a6 5. d5 Nb8 6. a4 Qd6 7. e4 e5 8. Bxc4
Be7 9. O-O Nd7 10. Qb3 Ngf6 11. Qc2 O-O 12. b3 Nh5 13. Ne2 Re8 14. Bb2 Qf6 15.
Rac1 Bd6 16. Ng3 Nxg3 17. fxg3 Qh6 18. Rce1 Nf6 19. Bc1 Qg6 20. Nh4 Qg4 21. Kh1
Bb4 22. Re3 Rf8 23. Nf5 Bxf5 24. Rxf5 Bd6 25. Be2 Qg6 26. Rc3 Rac8 27. Rc4 h6
28. Bb2 Rfe8 29. b4 Re7 30. Qd3 Nd7 31. Qe3 Nf6 32. Qd3 Nd7 33. a5 Nf6 34. h3
Rd8 35. Qf3 Rb8 36. Bc1 Rd7 37. g4 Nh7 38. Qb3 Rdd8 39. h4 Nf6 40. Qf3 Rf8 41.
g5 hxg5 42. Rxg5 Qh7 43. Qxf6 Qxh4+ 1-0

[Event "MCRE_SF02"]
[Site "?"]
[Date "2005.??.??"]
[Round "?"]
[White "Lasek, Milos"]
[Black "Novak, Vratislav"]
[Result "0-1"]
[WhiteElo "2280"]
[BlackElo "2267"]
[PlyCount "58"]
[EventDate "2005.??.??"]
[EventType "corr"]
[EventRounds "2"]
[SourceDate "2005.10.20"]

1. e4 e5 2. Nf3 d6 3. d4 exd4 4. Nxd4 Nf6 5. Nc3 Be7 6. Bc4 O-O 7. O-O Re8 8.
Re1 c6 9. a4 Nbd7 10. a5 Ne5 11. Bb3 Bd7 12. f4 Ng6 13. Qd3 b5 14. axb6 axb6
15. Rxa8 Qxa8 16. Bd2 Bf8 17. Nf3 d5 18. e5 Bc5+ 19. Kh1 Ng4 20. Nd1 Qc8 21. c4
Bf5 22. Qf1 dxc4 23. Qxc4 Be6 24. Qc2 Bxb3 25. Qxb3 Qd7 26. h3 Nf2+ 27. Nxf2
Bxf2 28. Rf1 Bc5 29. Qc2 Rd8 0-1

[Event "MCRE_SF02"]
[Site "?"]
[Date "2005.??.??"]
[Round "?"]
[White "Novak, Vratislav"]
[Black "Lasek, Milos"]
[Result "1-0"]
[WhiteElo "2267"]
[BlackElo "2280"]
[PlyCount "53"]
[EventDate "2005.??.??"]
[EventType "corr"]
[EventRounds "2"]
[SourceDate "2005.10.20"]

1. e4 c5 2. b3 d6 3. Nf3 Nc6 4. d4 cxd4 5. Nxd4 Nf6 6. Nxc6 bxc6 7. Bd3 e5 8.
O-O Be7 9. c4 O-O 10. Nc3 Be6 11. Qe2 Nd7 12. Rd1 Nc5 13. Bc2 a5 14. Be3 Qc7
15. Rab1 Rfd8 16. a3 Rab8 17. Rd2 Rb7 18. b4 axb4 19. axb4 Na6 20. b5 Nc5 21.
bxc6 Rxb1+ 22. Bxb1 Rb8 23. Bc2 Qxc6 24. Nd5 Bxd5 25. exd5 Qc8 26. Rd1 Rb2 27.
Bxh7+ 1-0

[Event "MCRE_SF02"]
[Site "?"]
[Date "2005.??.??"]
[Round "?"]
[White "Struzka, Vlastimil"]
[Black "Lasek, Milos"]
[Result "1-0"]
[WhiteElo "2216"]
[BlackElo "2280"]
[PlyCount "65"]
[EventDate "2005.??.??"]
[EventType "corr"]
[EventRounds "2"]
[SourceDate "2005.10.20"]

1. d4 Nf6 2. c4 e6 3. Nf3 b6 4. Nc3 Bb7 5. e3 d5 6. cxd5 exd5 7. Bd3 Bd6 8. O-O
O-O 9. Qc2 c5 10. Nb5 Be7 11. Bd2 a6 12. Nc3 c4 13. Be2 b5 14. a3 Nc6 15. Nh4
Re8 16. Nf5 Bf8 17. Ng3 Na5 18. Rad1 Nb3 19. Bf3 Bc6 20. Qf5 a5 21. Nce2 b4 22.
axb4 axb4 23. Nf4 g6 24. Qc2 Bd6 25. Nge2 Ra5 26. Rfe1 Ba4 27. Qb1 Qc7 28. h3
Bd7 29. Ng3 Rb8 30. Bc1 c3 31. bxc3 bxc3 32. Qc2 Ba4 33. Qa2 1-0

[Event "MCRE_SF02"]
[Site "?"]
[Date "2005.??.??"]
[Round "?"]
[White "Storkan, Zdenek"]
[Black "Lasek, Milos"]
[Result "1-0"]
[WhiteElo "2224"]
[BlackElo "2280"]
[PlyCount "59"]
[EventDate "2005.??.??"]
[EventType "corr"]
[EventRounds "2"]
[SourceDate "2005.10.20"]

1. d4 Nf6 2. c4 e6 3. Nc3 Bb4 4. Nf3 c5 5. e3 O-O 6. Bd3 d5 7. O-O cxd4 8. exd4
dxc4 9. Bxc4 b6 10. Bg5 Bb7 11. Re1 Nbd7 12. Rc1 h6 13. Bh4 a6 14. a3 b5 15.
Ba2 Bxc3 16. Rxc3 Rc8 17. Rd3 Qc7 18. Ne5 Qc2 19. Bb1 Qxd1 20. Rdxd1 Nxe5 21.
dxe5 Nd5 22. f3 Rc7 23. Bf2 Rfc8 24. Bd4 a5 25. Rd2 a4 26. Kf2 b4 27. Bd3 b3
28. g3 Kf8 29. f4 g6 30. Red1 1-0

[Event "MCRE_SF02"]
[Site "?"]
[Date "2005.??.??"]
[Round "?"]
[White "Lasek, Milos"]
[Black "Bares, Jiri"]
[Result "0-1"]
[WhiteElo "2280"]
[BlackElo "2174"]
[PlyCount "62"]
[EventDate "2005.??.??"]
[EventType "corr"]
[EventRounds "2"]
[SourceDate "2005.10.20"]

1. e4 c5 2. Nf3 d6 3. d4 cxd4 4. Nxd4 Nf6 5. Nc3 a6 6. Be3 e6 7. f3 b5 8. g4 h6
9. Qd2 Nbd7 10. O-O-O Bb7 11. h4 b4 12. Na4 Qa5 13. b3 Nc5 14. a3 Nxa4 15. axb4
Qc7 16. bxa4 d5 17. e5 Nd7 18. f4 Nb6 19. Rh3 Nxa4 20. Bf2 Rc8 21. Be1 Be7 22.
f5 exf5 23. Nxf5 O-O 24. Nxe7+ Qxe7 25. Qd4 Rfe8 26. b5 Nc5 27. Bb4 a5 28. Ba3
Qc7 29. Qxc5 Qxc5 30. Bxc5 Rxc5 31. Ra3 Rxe5 0-1

[Event "MCRE_SF02"]
[Site "?"]
[Date "2005.??.??"]
[Round "?"]
[White "Lasek, Milos"]
[Black "Mezera, Lukas"]
[Result "0-1"]
[WhiteElo "2280"]
[BlackElo "2266"]
[PlyCount "40"]
[EventDate "2005.??.??"]
[EventType "corr"]
[EventRounds "2"]
[SourceDate "2005.10.20"]

1. e4 c5 2. Nf3 d6 3. d4 cxd4 4. Nxd4 Nf6 5. Nc3 a6 6. Be3 Ng4 7. Bc1 Nc6 8.
Be2 Qb6 9. Bxg4 Qxd4 10. Be3 Qxd1+ 11. Bxd1 Be6 12. Nd5 Rc8 13. Nb6 Rd8 14. c3
g6 15. Nd5 Rc8 16. Bb6 Bxd5 17. exd5 Ne5 18. Ba4+ Nd7 19. Bd4 Rg8 20. O-O h5
0-1

[Event "MCRE_SF02"]
[Site "?"]
[Date "2005.??.??"]
[Round "?"]
[White "Mezera, Lukas"]
[Black "Lasek, Milos"]
[Result "1-0"]
[WhiteElo "2266"]
[BlackElo "2280"]
[PlyCount "53"]
[EventDate "2005.??.??"]
[EventType "corr"]
[EventRounds "2"]
[SourceDate "2005.10.20"]

1. Nf3 Nf6 2. c4 c5 3. Nc3 Nc6 4. g3 d5 5. d4 e6 6. cxd5 Nxd5 7. Bg2 cxd4 8.
Nxd4 Nxc3 9. bxc3 Nxd4 10. Qxd4 Qxd4 11. cxd4 Bb4+ 12. Bd2 Bxd2+ 13. Kxd2 Ke7
14. Rhc1 Rd8 15. Rc7+ Rd7 16. Rac1 Kd8 17. Rxd7+ Kxd7 18. g4 h6 19. h4 Rb8 20.
g5 b6 21. Bc6+ Kd6 22. gxh6 gxh6 23. e4 Bd7 24. e5+ Ke7 25. d5 exd5 26. Bxd5
Be6 27. Bxe6 1-0

[Event "MCRE_SF02"]
[Site "?"]
[Date "2005.??.??"]
[Round "?"]
[White "Lasek, Milos"]
[Black "Storkan, Zdenek"]
[Result "0-1"]
[WhiteElo "2280"]
[BlackElo "2224"]
[PlyCount "70"]
[EventDate "2005.??.??"]
[EventType "corr"]
[EventRounds "2"]
[SourceDate "2005.10.20"]

1. e4 c6 2. d4 d5 3. Nc3 dxe4 4. Nxe4 Nd7 5. Ng5 Ngf6 6. Bd3 e6 7. N1f3 Bd6 8.
Qe2 h6 9. Ne4 Nxe4 10. Qxe4 Qc7 11. O-O b6 12. Qg4 g5 13. Qh3 Rg8 14. Re1 Bf8
15. Qf5 Rg7 16. Bc4 Be7 17. Qh3 Rg6 18. Ne5 Nxe5 19. dxe5 Bb7 20. a4 Bb4 21. c3
Bf8 22. a5 Rd8 23. axb6 axb6 24. Bd3 Rg8 25. Qg3 f5 26. Bc4 Ke7 27. b4 b5 28.
Bb3 c5 29. bxc5 Bd5 30. Bc2 Bg7 31. Ba3 Qc6 32. Bb4 Ra8 33. Rad1 Ra7 34. Bxf5
exf5 35. e6 Rd8 0-1

[Event "MCRE_SF02"]
[Site "?"]
[Date "2005.??.??"]
[Round "?"]
[White "Struzka, Vlastimil"]
[Black "Splichal, Josef"]
[Result "1/2-1/2"]
[WhiteElo "2216"]
[BlackElo "2279"]
[PlyCount "149"]
[EventDate "2005.??.??"]
[EventType "corr"]
[EventRounds "2"]
[SourceDate "2005.10.20"]

1. d4 Nf6 2. Nc3 d5 3. Bf4 g6 4. e3 c6 5. Nf3 Bf5 6. Bd3 Bg7 7. O-O O-O 8. Bxf5
gxf5 9. Qd3 e6 10. Ne2 Nbd7 11. c4 a6 12. cxd5 Nxd5 13. Qc2 Qb6 14. Bd6 Rfd8
15. Rab1 Rac8 16. Rfc1 N7f6 17. Be5 Nb4 18. Qb3 Nbd5 19. Qd1 Bh6 20. Nc3 Ng4
21. Nxd5 cxd5 22. b3 Nxe5 23. Nxe5 Bg7 24. Nd3 Qd6 25. a4 Re8 26. Qe2 Rxc1+ 27.
Rxc1 Qb8 28. Rb1 Rc8 29. Nc5 Rc7 30. b4 Bf8 31. Qh5 Qd8 32. h3 Bd6 33. Qe2 Qc8
34. a5 Qd8 35. Qd3 Qe7 36. Qe2 Qd8 37. b5 Bxc5 38. dxc5 Rxc5 39. bxa6 bxa6 40.
Qxa6 Rxa5 41. Qd3 Rc5 42. Qd4 Rc8 43. Rb3 Rc1+ 44. Kh2 Qd6+ 45. g3 Rc2 46. Kg1
Rc8 47. Qh4 e5 48. Rb5 h6 49. Qh5 Rc1+ 50. Kh2 Qe6 51. Qf3 Rc2 52. Qxd5 Qxd5
53. Rxd5 Rxf2+ 54. Kg1 Rf3 55. Rxe5 Rxg3+ 56. Kh2 Rg5 57. h4 Rg4 58. Kh3 Kf8
59. Rxf5 Re4 60. Rf3 Ke7 61. h5 Ke6 62. Rg3 Re5 63. Kh4 Kf6 64. Rf3+ Rf5 65.
Rh3 Rf1 66. Kg3 Kg5 67. Rh2 Rg1+ 68. Kf2 Rg4 69. Kf3 Rb4 70. Rh1 f5 71. Kg3
Rg4+ 72. Kf3 Rc4 73. Kg3 Rg4+ 74. Kf3 Ra4 75. Rh2 1/2-1/2

[Event "MCRE_SF02"]
[Site "?"]
[Date "2005.??.??"]
[Round "?"]
[White "Storkan, Zdenek"]
[Black "Bednarik, Radovan"]
[Result "1-0"]
[WhiteElo "2224"]
[BlackElo "2201"]
[PlyCount "95"]
[EventDate "2005.??.??"]
[EventType "corr"]
[EventRounds "2"]
[SourceDate "2005.10.20"]

1. d4 d5 2. c4 Nc6 3. Nc3 e6 4. Nf3 Nf6 5. Bg5 Bb4 6. e3 h6 7. Bxf6 Qxf6 8. Qb3
a5 9. a3 a4 10. Qc2 Bxc3+ 11. Qxc3 O-O 12. Bd3 Re8 13. O-O dxc4 14. Qxc4 e5 15.
d5 Ne7 16. Rfc1 Bf5 17. Bxf5 Nxf5 18. Qxc7 e4 19. Nd2 Nd6 20. Nc4 Nxc4 21. Qxc4
Qxb2 22. h3 b5 23. Qc5 Re5 24. Rab1 Qa2 25. Rxb5 Rf5 26. Rf1 Rd8 27. Qb4 Rfxd5
28. Rxd5 Qxd5 29. Qxa4 Qe5 30. Qc2 Ra8 31. Qa2 Qe7 32. a4 Ra5 33. Rd1 Qc7 34.
Rd5 Ra8 35. Qb3 Kh7 36. g4 Re8 37. a5 Re6 38. Rb5 Qa7 39. Qd5 Qe7 40. Kg2 Qe8
41. Qc5 Rc6 42. Qa7 Rd6 43. Rb7 Rf6 44. Re7 Qa4 45. Rxf7 Rxf7 46. Qxf7 Qxa5 47.
Qf5+ Qxf5 48. gxf5 1-0

[Event "MCRE_SF02"]
[Site "?"]
[Date "2005.??.??"]
[Round "?"]
[White "Bednarik, Radovan"]
[Black "Storkan, Zdenek"]
[Result "0-1"]
[WhiteElo "2201"]
[BlackElo "2224"]
[PlyCount "98"]
[EventDate "2005.??.??"]
[EventType "corr"]
[EventRounds "2"]
[SourceDate "2005.10.20"]

1. d4 Nf6 2. c4 g6 3. Nc3 d5 4. cxd5 Nxd5 5. e4 Nxc3 6. bxc3 Bg7 7. Nf3 O-O 8.
Be2 c5 9. O-O Qc7 10. Rb1 b6 11. Bg5 Bb7 12. d5 Bxc3 13. Qc1 Bg7 14. Bf4 Qc8
15. Bc4 Ba6 16. Be5 Bxc4 17. Qxc4 Qa6 18. Rb5 Nd7 19. Bxg7 Kxg7 20. Re1 Rae8
21. e5 e6 22. d6 f6 23. exf6+ Rxf6 24. Ng5 h6 25. Ne4 Rf5 26. Qc3+ e5 27. Rb3
Rf7 28. Ra3 Qb7 29. Qd2 Rf4 30. Rh3 Qc6 31. Qe3 Rh8 32. Rf3 Rxf3 33. Qxf3 Rf8
34. Qg4 Nf6 35. Nxf6 Rxf6 36. d7 Rd6 37. Rd1 Qc7 38. h3 e4 39. g3 h5 40. Rxd6
Qxd6 41. Qxe4 Qxd7 42. h4 Qc7 43. Qc4 Qf7 44. Qa4 Kf6 45. Kf1 Ke5 46. Ke2 c4
47. Ke3 Kd6 48. Qb4+ Kc6 49. f3 b5 0-1

[Event "MCRE_SF02"]
[Site "?"]
[Date "2005.??.??"]
[Round "?"]
[White "Bares, Jiri"]
[Black "Novak, Vratislav"]
[Result "0-1"]
[WhiteElo "2174"]
[BlackElo "2267"]
[PlyCount "80"]
[EventDate "2005.??.??"]
[EventType "corr"]
[EventRounds "2"]
[SourceDate "2005.10.20"]

1. d4 d5 2. c4 e6 3. Nc3 c6 4. e3 Nf6 5. Nf3 Nbd7 6. cxd5 exd5 7. Bd3 Bd6 8.
Qc2 O-O 9. O-O Re8 10. Re1 Nf8 11. h3 Be6 12. Bd2 Qd7 13. Ng5 h6 14. Nxe6 Nxe6
15. a4 a5 16. Rab1 Bc7 17. Ne2 Ng5 18. f3 Nxf3+ 19. Kf2 Nxe1 20. Bxe1 Qd6 21.
b4 Ne4+ 22. Bxe4 Rxe4 23. Bd2 axb4 24. Rxb4 Ra7 25. Rb1 Qh2 26. Nf4 g5 27. Nh5
Qd6 28. a5 Qg6 29. Qc5 Ra8 30. g4 Rxe3 31. Bxe3 Qxb1 32. Nf6+ Kh8 33. Bd2 Qd1
34. Qc1 Qxc1 35. Bxc1 Rxa5 36. Bd2 Ra3 37. Ne8 Bf4 38. Bxf4 gxf4 39. Nd6 b5 40.
Nxf7+ Kh7 0-1

[Event "MCRE_SF02"]
[Site "?"]
[Date "2005.??.??"]
[Round "?"]
[White "Novak, Vratislav"]
[Black "Bares, Jiri"]
[Result "1/2-1/2"]
[WhiteElo "2267"]
[BlackElo "2174"]
[PlyCount "96"]
[EventDate "2005.??.??"]
[EventType "corr"]
[EventRounds "2"]
[SourceDate "2005.10.20"]

1. e4 c5 2. Nf3 d6 3. b3 Nc6 4. d4 cxd4 5. Nxd4 Nf6 6. Nxc6 bxc6 7. Bd3 e5 8.
O-O Be7 9. c4 O-O 10. Nc3 Be6 11. Qe2 Rb8 12. Bd2 Nd7 13. Rad1 Nc5 14. Bc2 Qb6
15. Qf3 a5 16. Qg3 Rfd8 17. Be3 Qb4 18. Nb1 f6 19. f3 Qb7 20. f4 a4 21. Bxc5
exf4 22. Qxf4 dxc5 23. e5 Rxd1 24. Rxd1 axb3 25. axb3 Qc7 26. Qh4 f5 27. Qf4 g6
28. Qe3 Rd8 29. Nd2 Qa5 30. Nf3 Rxd1+ 31. Bxd1 g5 32. Kf2 Qa2+ 33. Be2 f4 34.
Qe4 g4 35. Ne1 f3 36. gxf3 Bh4+ 37. Kf1 gxf3 38. Qxh4 Qxe2+ 39. Kg1 Qe3+ 40.
Kh1 Qxe5 41. Nxf3 Qf5 42. Qd8+ Kf7 43. Qc7+ Kf6 44. Qxc6 Qb1+ 45. Kg2 Qxb3 46.
Qxc5 Qb2+ 47. Kg3 Qb8+ 48. Kg2 Qb2+ 1/2-1/2

[Event "MCRE_SF02"]
[Site "?"]
[Date "2005.??.??"]
[Round "?"]
[White "Novak, Vratislav"]
[Black "Mezera, Lukas"]
[Result "1/2-1/2"]
[WhiteElo "2267"]
[BlackElo "2266"]
[PlyCount "98"]
[EventDate "2005.??.??"]
[EventType "corr"]
[EventRounds "2"]
[SourceDate "2005.10.20"]

1. e4 e5 2. f4 exf4 3. Bc4 Nf6 4. Nc3 c6 5. Bb3 d5 6. exd5 cxd5 7. d4 Bd6 8.
Nf3 O-O 9. O-O Be6 10. Qd3 h6 11. Qb5 Bd7 12. Qd3 Be6 13. Bd2 Nc6 14. Rac1 Re8
15. Nb5 Bb8 16. Nc3 Qd7 17. Rce1 Bc7 18. Kh1 Bf5 19. Rxe8+ Rxe8 20. Qb5 Be4 21.
Qxb7 Bxf3 22. gxf3 Rb8 23. Qa6 Nxd4 24. Qxa7 Nxb3 25. axb3 Qh3 26. Rf2 Bd6 27.
Qa5 Qf5 28. Rg2 Re8 29. Qb6 Be5 30. Qb5 Bd4 31. Qf1 Qxc2 32. Be3 Qxg2+ 33. Kxg2
fxe3 34. Ne2 Bxb2 35. Qb1 Be5 36. b4 d4 37. f4 Bc7 38. Qd3 Rd8 39. Kf3 g6 40.
Qc4 Bb6 41. Qc6 Nd5 42. Nc1 Bc7 43. f5 gxf5 44. Nd3 Kg7 45. h3 Bh2 46. Qc2 Bc7
47. Qc6 f4 48. Qc5 Bb6 49. Qc6 Bc7 1/2-1/2

[Event "MCRE_SF02"]
[Site "?"]
[Date "2005.??.??"]
[Round "?"]
[White "Lasek, Milos"]
[Black "Bednarik, Radovan"]
[Result "0-1"]
[WhiteElo "2280"]
[BlackElo "2201"]
[PlyCount "60"]
[EventDate "2005.??.??"]
[EventType "corr"]
[EventRounds "2"]
[SourceDate "2005.10.20"]

1. e4 d5 2. exd5 Nf6 3. d4 Nxd5 4. Nf3 Bg4 5. h3 Bh5 6. c4 Nb6 7. Nc3 Nc6 8. d5
Ne5 9. g4 Nxf3+ 10. Qxf3 Bg6 11. c5 Nd7 12. Bb5 a6 13. Ba4 b5 14. cxb6 cxb6 15.
Bc6 Rc8 16. O-O h5 17. g5 Rxc6 18. dxc6 Ne5 19. Qg2 e6 20. Bf4 Bd6 21. Rfd1 Nd3
22. Rxd3 Bxd3 23. Bxd6 Qxd6 24. Rd1 O-O 25. Qf3 Be2 26. Rxd6 Bxf3 27. c7 Bb7
28. Rxb6 Bc8 29. Ne4 a5 30. Nd6 Bd7 0-1

[Event "MCRE_SF02"]
[Site "?"]
[Date "2005.??.??"]
[Round "?"]
[White "Bednarik, Radovan"]
[Black "Lasek, Milos"]
[Result "1-0"]
[WhiteElo "2201"]
[BlackElo "2280"]
[PlyCount "46"]
[EventDate "2005.??.??"]
[EventType "corr"]
[EventRounds "2"]
[SourceDate "2005.10.20"]

1. d4 Nf6 2. c4 e6 3. Nc3 Bb4 4. e3 b6 5. Bd3 Bb7 6. Nf3 O-O 7. Bd2 d5 8. cxd5
exd5 9. O-O Bd6 10. Qc2 c5 11. Nb5 Be7 12. Rac1 a6 13. Nc3 c4 14. Bf5 b5 15.
Ng5 g6 16. Bh3 Nc6 17. Ne2 a5 18. Rcd1 Re8 19. Nf3 Bd6 20. b3 Ba6 21. Ng3 b4
22. Rfe1 c3 23. Bc1 a4 1-0

[Event "MCRE_SF02"]
[Site "?"]
[Date "2005.??.??"]
[Round "?"]
[White "Bares, Jiri"]
[Black "Storkan, Zdenek"]
[Result "0-1"]
[WhiteElo "2174"]
[BlackElo "2224"]
[PlyCount "104"]
[EventDate "2005.??.??"]
[EventType "corr"]
[EventRounds "2"]
[SourceDate "2005.10.20"]

1. d4 Nf6 2. c4 g6 3. Nc3 d5 4. cxd5 Nxd5 5. e4 Nxc3 6. bxc3 Bg7 7. Bc4 c5 8.
Ne2 O-O 9. O-O Nc6 10. Be3 Bg4 11. f3 Bd7 12. Rb1 Qc7 13. Bf4 Qc8 14. d5 Na5
15. Bd3 a6 16. e5 b5 17. Ng3 Qc7 18. Qe1 Rad8 19. Qe4 c4 20. Bc2 Qc5+ 21. Be3
Qa3 22. f4 e6 23. Bb6 exd5 24. Qe3 Nc6 25. Bxd8 Rxd8 26. Qd2 Be8 27. Ne2 b4 28.
cxb4 Bf8 29. Rf3 Bxb4 30. Rxa3 Bxd2 31. Kf2 d4 32. Be4 d3 33. Bxc6 Bxc6 34.
Rxa6 Rc8 35. Rd1 c3 36. Rxc6 Rxc6 37. Nxc3 Bxc3 38. Rxd3 f6 39. exf6 Bxf6 40.
Ke3 Ra6 41. Rd2 Kf7 42. Ke4 Ke6 43. Kf3 Ra3+ 44. Ke4 h5 45. g3 Be7 46. Rc2 h4
47. Re2 Bc5 48. g4 Bd6 49. f5+ gxf5+ 50. gxf5+ Kf6 51. Rd2 Be5 52. Rf2 Ra4+ 0-1

[Event "MCRE_SF02"]
[Site "?"]
[Date "2005.??.??"]
[Round "?"]
[White "Storkan, Zdenek"]
[Black "Bares, Jiri"]
[Result "1/2-1/2"]
[WhiteElo "2224"]
[BlackElo "2174"]
[PlyCount "132"]
[EventDate "2005.??.??"]
[EventType "corr"]
[EventRounds "2"]
[SourceDate "2005.10.20"]

1. d4 d5 2. c4 e6 3. Nc3 Nf6 4. Nf3 c6 5. e3 Nbd7 6. Bd3 dxc4 7. Bxc4 b5 8. Bd3
Bb7 9. O-O a6 10. e4 c5 11. d5 Qc7 12. Re1 c4 13. Bc2 Bc5 14. Be3 Bxe3 15. Rxe3
Rd8 16. Qd4 b4 17. Na4 e5 18. Qd2 a5 19. Rc1 Qd6 20. Ree1 O-O 21. Nh4 g6 22.
Qg5 Kh8 23. Nf3 Rc8 24. Qh6 Rfd8 25. Ng5 Qf8 26. Qh4 h6 27. f4 Nh5 28. Nf3 Nxf4
29. Nxe5 Nh3+ 30. Qxh3 Nxe5 31. Qe3 Ba6 32. Rf1 Bb5 33. Rfd1 Kh7 34. Qb6 Rb8
35. Qa7 Qd6 36. Kh1 Rd7 37. Qf2 Rc7 38. Qf4 f6 39. h3 Rbc8 40. Qe3 Kg7 41. Nb6
Rd8 42. Na4 Rb8 43. Qd4 Bd7 44. Qe3 h5 45. Rf1 h4 46. Ra1 Bxa4 47. Bxa4 Nd3 48.
Rf3 Nxb2 49. Raf1 Rf8 50. e5 Qxe5 51. Qxe5 fxe5 52. Rxf8 Nxa4 53. Ra8 Rc5 54.
d6 Rd5 55. Ra7+ Kh6 56. d7 c3 57. Kh2 Nb6 58. Rxa5 Rxd7 59. Rxe5 Rd4 60. Rc5
Nc4 61. Rf2 Nd2 62. Rf8 Kg7 63. Rfc8 Nf1+ 64. Kg1 Ng3 65. Kf2 Rd2+ 66. Kf3 Ne2
1/2-1/2

[Event "MCRE_SF02"]
[Site "?"]
[Date "2005.??.??"]
[Round "?"]
[White "Struzka, Vlastimil"]
[Black "Mezera, Lukas"]
[Result "0-1"]
[WhiteElo "2216"]
[BlackElo "2266"]
[PlyCount "114"]
[EventDate "2005.??.??"]
[EventType "corr"]
[EventRounds "2"]
[SourceDate "2005.10.20"]

1. d4 Nf6 2. c4 c5 3. e3 g6 4. Nf3 Bg7 5. Nc3 O-O 6. Be2 cxd4 7. exd4 d5 8. O-O
Nc6 9. Re1 Bg4 10. cxd5 Nxd5 11. Qb3 Be6 12. Qxb7 Nxd4 13. Nxd4 Bxd4 14. Bh6
Rb8 15. Qa6 Rxb2 16. Nb5 Bc5 17. Rab1 Rxb1 18. Rxb1 Re8 19. Qa4 Nf6 20. Nxa7
Qa8 21. Be3 Bxe3 22. fxe3 Bd5 23. Bf1 Rc8 24. Qa3 Rc7 25. Nb5 Qxa3 26. Nxa3
Bxa2 27. Ra1 Bd5 28. Nb5 Rc2 29. Ra7 Rc1 30. Rc7 Ra1 31. Nc3 Be4 32. Nxe4 Nxe4
33. Rd7 f5 34. g3 Kf7 35. Kg2 Nd6 36. h4 Kf6 37. Rc7 Ra2+ 38. Kf3 Ne4 39. Rc6+
Ke5 40. Be2 Rd2 41. Rb6 e6 42. Ra6 h6 43. Ra5+ Kf6 44. Ra8 Nxg3 45. Kxg3 Rxe2
46. Kf3 Rh2 47. Kg3 Rh1 48. Rf8+ Ke5 49. Rb8 g5 50. hxg5 hxg5 51. Kg2 Rh4 52.
Rb6 g4 53. Rb4 Rh3 54. Kf2 Rh2+ 55. Kg3 Re2 56. Rb3 Ke4 57. Rb6 Rxe3+ 0-1

[Event "MCRE_SF02"]
[Site "?"]
[Date "2005.??.??"]
[Round "?"]
[White "Bares, Jiri"]
[Black "Mezera, Lukas"]
[Result "1/2-1/2"]
[WhiteElo "2174"]
[BlackElo "2266"]
[PlyCount "106"]
[EventDate "2005.??.??"]
[EventType "corr"]
[EventRounds "2"]
[SourceDate "2005.10.20"]

1. d4 Nf6 2. c4 c5 3. d5 e6 4. Nc3 exd5 5. cxd5 d6 6. e4 g6 7. f4 Bg7 8. Bb5+
Nfd7 9. Nf3 O-O 10. a4 Na6 11. O-O Nc7 12. Bd3 Rb8 13. Qc2 Nf6 14. Bd2 Bg4 15.
h3 Bxf3 16. Rxf3 Nd7 17. Re1 a6 18. a5 b5 19. axb6 Rxb6 20. Ra1 Qe7 21. Rff1
Rfb8 22. Ra2 Nb5 23. Nxb5 axb5 24. Be3 f5 25. Re1 fxe4 26. Bxe4 Nf6 27. Bf3 Qf7
28. Qd2 b4 29. Bf2 Ne8 30. Re6 b3 31. Ra1 Bf6 32. Kh2 Ng7 33. Re2 Nf5 34. Bg4
Re8 35. Rae1 Rxe2 36. Rxe2 Rb8 37. Bxf5 gxf5 38. Re6 Qg7 39. Rxd6 c4 40. Rxf6
Qxf6 41. Bd4 Qf7 42. Bc3 Kf8 43. Qd4 Rb5 44. d6 Ke8 45. Qe3+ Kd8 46. g4 Kd7 47.
Qa7+ Ke6 48. Qd4 Rd5 49. Qxc4 Kxd6 50. Kg3 Qe6 51. Bb4+ Kd7 52. Qxb3 Qe4 53.
Qa4+ Kc7 1/2-1/2

[Event "MCRE_SF02"]
[Site "?"]
[Date "2005.??.??"]
[Round "?"]
[White "Storkan, Zdenek"]
[Black "Mezera, Lukas"]
[Result "1-0"]
[WhiteElo "2224"]
[BlackElo "2266"]
[PlyCount "137"]
[EventDate "2005.??.??"]
[EventType "corr"]
[EventRounds "2"]
[SourceDate "2005.10.20"]

1. d4 Nf6 2. c4 c5 3. Nf3 e6 4. Nc3 cxd4 5. Nxd4 Bb4 6. Bd2 Nc6 7. a3 Be7 8.
Bg5 O-O 9. e3 h6 10. Bh4 d5 11. cxd5 Nxd4 12. Qxd4 Nxd5 13. Bxe7 Nxe7 14. Qe4
Qb6 15. Bd3 f5 16. Qc4 Qxb2 17. O-O Qb6 18. Rab1 Qc6 19. Qb3 Kh7 20. Rfd1 Ng6
21. Bc4 e5 22. Nb5 e4 23. Nd6 Qc7 24. Be2 Rd8 25. Nb5 Qe7 26. Rxd8 Qxd8 27. Qc4
a6 28. Nd4 b5 29. Qc6 Bd7 30. Qd5 Ne7 31. Qe5 Qe8 32. Rd1 Ng6 33. Qd5 Ne5 34.
Qd6 Nf7 35. Qd5 g6 36. h4 h5 37. Qb7 Qc8 38. Qd5 Kg8 39. Rb1 Rb8 40. Bd1 Qb7
41. Qa2 Qc7 42. Bb3 Be8 43. Qb2 Rc8 44. Be6 Rd8 45. Rc1 Qe5 46. Qb4 Kg7 47. Rc5
Qf6 48. Rc7 f4 49. Ra7 a5 50. Rxa5 fxe3 51. fxe3 Qxh4 52. Ra7 Qg3 53. Qd2 Kg8
54. Qe2 Rb8 55. Qf1 Qxe3+ 56. Kh1 Qxd4 57. Bxf7+ Kh7 58. Re7 Qd6 59. Rxe8 Rxe8
60. Bxe8 e3 61. Bxb5 Qxa3 62. Qf7+ Kh6 63. Qf4+ Kh7 64. Kh2 Qc5 65. Bc4 Qe7 66.
Be2 h4 67. Kh3 g5 68. Qf5+ Kh6 69. Bd3 1-0

[Event "MCRE_SF02"]
[Site "?"]
[Date "2005.??.??"]
[Round "?"]
[White "Bednarik, Radovan"]
[Black "Mezera, Lukas"]
[Result "1/2-1/2"]
[WhiteElo "2201"]
[BlackElo "2266"]
[PlyCount "104"]
[EventDate "2005.??.??"]
[EventType "corr"]
[EventRounds "2"]
[SourceDate "2005.10.20"]

1. d4 Nf6 2. c4 c5 3. d5 e6 4. Nc3 exd5 5. cxd5 d6 6. e4 g6 7. Nf3 Bg7 8. Bd3
O-O 9. O-O a6 10. Bf4 b5 11. Rc1 Bb7 12. a4 b4 13. Ne2 Qe7 14. Ng3 Nbd7 15. h3
Rfc8 16. Re1 a5 17. b3 Nb6 18. Bb5 Nfd7 19. h4 Bb2 20. Rc2 Bc3 21. Bg5 Qf8 22.
Bd2 Bg7 23. Bf4 Ba6 24. Bc6 Rab8 25. Be3 c4 26. bxc4 b3 27. Rc1 b2 28. Rb1 Rc7
29. Bxb6 Nxb6 30. c5 Nc4 31. Qd3 dxc5 32. e5 Re7 33. Re4 Rb4 34. h5 Qc8 35. Qc3
Nxe5 36. Nxe5 Rxe4 37. Nxe4 Rxe5 38. h6 Bh8 39. Qxb2 Rxe4 40. Qb6 Rb4 41. Rxb4
cxb4 42. d6 Bf6 43. d7 Qf8 44. Qxa6 Qxh6 45. Qxa5 Qc1+ 46. Kh2 Qf4+ 47. Kg1 Kg7
48. d8=Q Qc1+ 49. Kh2 Bxd8 50. Qxd8 Qxc6 51. Qd4+ Qf6 52. Qxb4 Qxf2 1/2-1/2